000 00497nam a2200193Ia 4500
003 LK-CoDNM
008 010623t1995 xxu||||| |||| 00| 1 sin d
040 _aLK-CoDNM
_dLK-CoDNM
_eLK-CoDNM
041 _asin
080 _a(x)398.8
_bANU
100 _aAnurasiri, Hettige.N.
245 _aජන කවියේ ධීවර ලකුණ
246 _aJana kaviyee deevara lakuna
260 _bAuthor
_c1995
300 _b129, 22 cm
650 _aCulture
650 _aFalklore
942 _cBK
999 _c117094
_d117094